000 00600nam a2200241Ia 4500
003 OSt
005 20221007065638.0
006 a|||||r|||| 00| 0
007 ta
008 221006b |||||||| |||| 00| 0 eng d
024 _a2,562
037 _cTextual
040 _aFLL
_cFLL
_beng
041 _2eng
_aeng
082 _aZ2,4, P3
100 _aBangia R.K.
_9439545
245 0 _aLaw of torts
250 _a17th
260 _aFaridabad
_bAllahabad Law Agency India
_c2003
650 _aLaw of torts
942 _hZ2,4, P3
_cTEXL
_2CC
999 _c1137909
_d1137909